Virtual clinical excursions--Medical surgical for Lewis, Dirsken, Heitkemper and Bucher: Medical-surgical nursing: assessment and management of clinical problems. 10th edition. / (Record no. 10411)
[ view plain ]
| 000 -LEADER | |
|---|---|
| fixed length control field | 01086nam a22002057a 4500 |
| 003 - CONTROL NUMBER IDENTIFIER | |
| control field | OSt |
| 005 - DATE AND TIME OF LATEST TRANSACTION | |
| control field | 20240826134017.0 |
| 008 - FIXED-LENGTH DATA ELEMENTS--GENERAL INFORMATION | |
| fixed length control field | 240824b ||||| |||| 00| 0 eng d |
| 020 ## - INTERNATIONAL STANDARD BOOK NUMBER | |
| International Standard Book Number | 9780323371193 |
| 040 ## - CATALOGING SOURCE | |
| Transcribing agency | LC |
| 050 ## - LIBRARY OF CONGRESS CALL NUMBER | |
| Classification number | RT41.M48 |
| 100 ## - MAIN ENTRY--PERSONAL NAME | |
| Personal name | Bleza, Sandra J. |
| 9 (RLIN) | 3107 |
| 245 ## - TITLE STATEMENT | |
| Title | Virtual clinical excursions--Medical surgical for Lewis, Dirsken, Heitkemper and Bucher: Medical-surgical nursing: assessment and management of clinical problems. 10th edition. / |
| Statement of responsibility, etc. | Sandra J.Bleza. |
| 260 ## - PUBLICATION, DISTRIBUTION, ETC. | |
| Place of publication, distribution, etc. | St. Louis, MO: |
| Name of publisher, distributor, etc. | Elsevier, |
| Date of publication, distribution, etc. | 2017. |
| 300 ## - PHYSICAL DESCRIPTION | |
| Extent | x, 276p. : |
| 505 ## - FORMATTED CONTENTS NOTE | |
| Formatted contents note | Contents: Concepts in nursing practice -- Pathophysiologic mechanisms of disease -- Perioperative care -- Problems related to altered sensory input -- Problems of oxygenation: ventilation -- Problems of oxygenation: transport -- Problems of oxygenation: perfusion -- Problems of ingestion, digestion, absorption and elimination -- Problems related to regulatory mechanisms -- Problems related to movement and coordination -- |
| 650 ## - SUBJECT ADDED ENTRY--TOPICAL TERM | |
| Form subdivision | Nusing |
| 9 (RLIN) | 3108 |
| 650 ## - SUBJECT ADDED ENTRY--TOPICAL TERM | |
| Form subdivision | Surgical nursing |
| 9 (RLIN) | 97 |
| 942 ## - ADDED ENTRY ELEMENTS (KOHA) | |
| Source of classification or shelving scheme | Library of Congress Classification |
| Koha item type | Books |
| Withdrawn status | Lost status | Source of classification or shelving scheme | Damaged status | Not for loan | Home library | Current library | Shelving location | Date acquired | Total Checkouts | Full call number | Barcode | Date last seen | Copy number | Price effective from | Koha item type |
|---|---|---|---|---|---|---|---|---|---|---|---|---|---|---|---|
| Library of Congress Classification | WISCONSIN INTERNATIONAL UNIVERSITY COLLEGE, GHANA KUMASI LIBRARY | WISCONSIN INTERNATIONAL UNIVERSITY COLLEGE, GHANA KUMASI LIBRARY | nursing | 20/08/2024 | RT41.M48 | KSN/1308/049/24 | 24/08/2024 | 1 | 24/08/2024 | Books | |||||
| Library of Congress Classification | WISCONSIN INTERNATIONAL UNIVERSITY COLLEGE, GHANA KUMASI LIBRARY | WISCONSIN INTERNATIONAL UNIVERSITY COLLEGE, GHANA KUMASI LIBRARY | nursing | 20/08/2024 | RT41.M481 | KSN/1309/050/24 | 24/08/2024 | 2 | 24/08/2024 | Books |
